000 00361nam a2200133Ia 4500
008 100328s9999 xx 000 0 und d
082 _b39207
100 _aपठाण यू.म.
245 _aपाऊल खुणा
260 _bदिलीपराज
630 _aपाऊल खुणा
730 _aपाऊल खुणा
942 _cBOOK
999 _c528199
_d528196